| 000 | 00722nam a2200229 a 4500 | ||
|---|---|---|---|
| 005 | 20240308063700.0 | ||
| 008 | 061123s1999 mx r 000 0 spa d | ||
| 020 | _a8446010372 | ||
| 035 | _aUPN01000148082 | ||
| 049 | _aCG | ||
| 050 | 4 |
_aD13 _bB5.3 |
|
| 100 | 1 | _aBloch, Marc André | |
| 245 | 1 | 0 |
_aHistoria e historiadores / _cMarc Bloch ; textos reunidos por Etienne Bloch ; tr. F. J. González García. |
| 260 |
_aMadrid : _bAkal, _c1999. |
||
| 300 | _a326 p. | ||
| 440 | 0 |
_aAkal universitaria ; _v204. _pInterdisciplinar |
|
| 534 |
_pTraducción de: _tHistoire et historiens |
||
| 650 | 4 |
_aHistoriografía _9920 |
|
| 650 | 2 |
_aHistoria _xMetodología _96995 |
|
| 700 | 1 |
_aBloch, Étienne, _ecomp. |
|
| 905 | _aLibro | ||
| 999 |
_c120224 _d120224 |
||